Introducción al derecho presupuestario (Record no. 74267)

MARC details
000 -LEADER
campo de control de longitud fija 00738nam a2200205 i 4500
001 - NÚMERO DE CONTROL
campo de control 74267
003 - IDENTIFICADOR DE NÚMERO DE CONTROL
campo de control ES-MaACL
005 - FECHA Y HORA DE LA ÚLTIMA TRANSACCIÓN
campo de control 20250809040224.0
007 - CAMPO FIJO DE DESCRIPCIÓN FÍSICA--INFORMACIÓN GENERAL
campo de control de longitud fija t|
008 - DATOS DE LONGITUD FIJA--INFORMACIÓN GENERAL
campo de control de longitud fija 040916s1973 sp ||||1| spa d
100 1# - ENTRADA PRINCIPAL--NOMBRE DE PERSONA
Nombre de persona González García, Eusebio.
9 (RLIN) 58646
245 10 - MENCIÓN DEL TÍTULO
Título Introducción al derecho presupuestario
Resto del título : concepto, evolución histórica y naturaleza jurídica /
Mención de responsabilidad, etc. Eusebio González García.
260 ## - PUBLICACIÓN, DISTRIBUCIÓN, ETC.
Lugar de publicación, distribución, etc. Madrid :
Nombre del editor, distribuidor, etc. Editorial de Derecho Financiero,
Fecha de publicación, distribución, etc. 1973.
300 ## - DESCRIPCIÓN FÍSICA
Extensión LXXIV, 263 p. ;
Dimensiones 20 cm.
490 1# - MENCIÓN DE SERIE
Mención de serie Monografías Tributarias ;
Designación de volumen o secuencia 8
650 #7 - PUNTO DE ACCESO ADICIONAL DE MATERIA--TÉRMINO DE MATERIA
Término de materia o nombre geográfico como elemento de entrada Derecho presupuestario
Fuente del encabezamiento o término embne
9 (RLIN) 155325
830 00 - PUNTO DE ACCESO ADICIONAL DE SERIE-TÍTULO UNIFORME
Título uniforme Monografías tributarias
Designación de volumen o secuencia 8
9 (RLIN) 231208
852 ## - LOCALIZACIÓN
Ubicación ES-MaACL
Número de control de estantería C-54911
Sublocalización o colección R.87144
Holdings
Estatus retirado Estado de pérdida Estado de daño No para préstamo Biblioteca de origen Biblioteca actual Ubicación en estantería Fecha de adquisición Fuente de adquisición Total de préstamos Signatura topográfica completa Código de barras Visto por última vez Precio de reemplazo Tipo de ítem Koha
        Biblioteca del Ateneo de Madrid Biblioteca del Ateneo de Madrid Depósito 2 17/01/2008     C-54911 1077740 23/02/2023 23/02/2023 Libro impreso